INFORMATION TECHNOLOGY LAW AND PRACTICE (Record no. 9797)

MARC details
000 -LEADER
fixed length control field 00327nam a22001457a 4500
003 - CONTROL NUMBER IDENTIFIER
control field SGT
082 ## - DEWEY DECIMAL CLASSIFICATION NUMBER
Classification number 343.9990954,SHA
100 ## - MAIN ENTRY--PERSONAL NAME
Personal name SHARMA, VAKUL
245 ## - TITLE STATEMENT
Title INFORMATION TECHNOLOGY LAW AND PRACTICE
250 ## - EDITION STATEMENT
Edition statement 2ND
260 ## - PUBLICATION, DISTRIBUTION, ETC. (IMPRINT)
Place of publication, distribution, etc NEW DELHI
Name of publisher, distributor, etc UNIVERSAL BOOK
Year of Publication 2010
300 ## - PAGE DESCRIPTION
No. of Pages 328
650 ## - SUBJECT ADDED ENTRY--TOPICAL TERM
Topical term or geographic name as entry element IT LAW
942 ## - ADDED ENTRY ELEMENTS (KOHA)
Source of classification or shelving scheme Dewey Decimal Classification
Koha item type Books
942 ## - ADDED ENTRY ELEMENTS (KOHA)
-- 1
Holdings
Withdrawn status Lost status Source of classification or shelving scheme Damaged status Not for loan Collection code Home library Current library Shelving location Date acquired Vendor Name Cost, normal purchase price SGTU Bill Number Full call number Accession No. (Barcode) Date last seen Bill Date Koha item type Total Checkouts Total Renewals Date last borrowed
    Dewey Decimal Classification   Not For Loan LAW SGT Science & Social Sciences Library SGT Science & Social Sciences Library Reference Book 09/08/2016 JUPITER LAW 395.00 SGTU 856 343.9990954,SHA FL463 09/08/2016 31/10/2014 Books      
    Dewey Decimal Classification     LAW SGT Science & Social Sciences Library SGT Science & Social Sciences Library Text Book 09/08/2016 JUPITER LAW 395.00 SGTU 856 343.9990954,SHA FL464 18/07/2022 31/10/2014 Books 14 3 12/07/2022